Southville International School and Colleges
Your cart is empty.
  • Cart
  • Lists
    Public lists Eva Luna New books Lux_list list_1
    Your lists Log in to create your own lists
  • Log in to your account
  • Your cookies
  • Search history
Southville International School and Colleges
  • Advanced search
  • Recent comments
  • Most popular
  • Libraries

Log in to your account

Log in with GOOGLE


If you do not have an external account, but do have a local account, you can still log in:

  1. Home
  2. MARC view: 60 minutes :
Normal view MARC view ISBD view

60 minutes : (Record no. 288866)

[ view plain ]
MARC details
000 -LEADER
fixed length control field 00959cam a22003137i 4500
003 - CONTROL NUMBER IDENTIFIER
control field PILC
005 - DATE AND TIME OF LATEST TRANSACTION
control field 20151015103839.0
008 - FIXED-LENGTH DATA ELEMENTS--GENERAL INFORMATION
fixed length control field 130425s2013 ph 000 0ceng
010 ## - LIBRARY OF CONGRESS CONTROL NUMBER
LC control number 2012325836
020 ## - INTERNATIONAL STANDARD BOOK NUMBER
International Standard Book Number 9789712724879
040 ## - CATALOGING SOURCE
Original cataloging agency DLC
Language of cataloging eng
Transcribing agency DLC
Description conventions rda
042 ## - AUTHENTICATION CODE
Authentication code lcode
050 00 - LIBRARY OF CONGRESS CALL NUMBER
Classification number DS 663
Item number .M44 2013
100 1# - MAIN ENTRY--PERSONAL NAME
Personal name Mendoza, Ivy Lisa F.
245 10 - TITLE STATEMENT
Title 60 minutes :
Remainder of title interviews with people who inspire /
Statement of responsibility, etc Ivy Lisa F. Mendoza [and five others].
246 13 - VARYING FORM OF TITLE
Title proper/short title Sixty minutes.
260 ## - PUBLICATION, DISTRIBUTION, ETC. (IMPRINT)
Place of publication, distribution, etc Mandaluyong City :
Name of publisher, distributor, etc Anvil Publishing, Inc.,
Date of publication, distribution, etc 2013.
300 ## - PHYSICAL DESCRIPTION
Extent x, 219 pages ;
Dimensions 23 cm.
546 ## - LANGUAGE NOTE
Language note In English.
650 #0 - SUBJECT ADDED ENTRY--TOPICAL TERM
Topical term or geographic name as entry element Interviews
Geographic subdivision Philippines.
650 #0 - SUBJECT ADDED ENTRY--TOPICAL TERM
Topical term or geographic name as entry element Successful people
Geographic subdivision Philippines.
650 #0 - SUBJECT ADDED ENTRY--TOPICAL TERM
Topical term or geographic name as entry element Filipinos
General subdivision Social life and customs.
700 1# - ADDED ENTRY--PERSONAL NAME
Personal name Barawid, Rachel Castro.
700 1# - ADDED ENTRY--PERSONAL NAME
Personal name Garcia, Angelo G.
700 1# - ADDED ENTRY--PERSONAL NAME
Personal name Lim., Ronald S.
700 1# - ADDED ENTRY--PERSONAL NAME
Personal name Malipot, Ina H.
700 1# - ADDED ENTRY--PERSONAL NAME
Personal name Marasigan, Jaser A.
942 ## - ADDED ENTRY ELEMENTS (KOHA)
Source of classification or shelving scheme Library of Congress Classification
Koha item type Books
Call number prefix Local
Holdings
Withdrawn status Lost status Source of classification or shelving scheme Damaged status Home library Current library Shelving location Date acquired Source of acquisition Sub Shelving location Total Checkouts Full call number Barcode Date last seen Date checked out Price effective from Koha item type
    Library of Congress Classification   College Library College Library Filipiniana Section 10/15/2015 Donation   1 DS 663 .M44 2013 C20203 05/08/2018 02/22/2017 10/15/2015 Books

60 minutes :

APA

Mendoza I. L. F., Barawid R. C., Garcia A. G., Lim, Malipot I. H. & Marasigan J. A. (2013). 60 minutes. Mandaluyong City: Anvil Publishing, Inc.

Chicago

Mendoza Ivy Lisa F, Barawid Rachel Castro, Garcia Angelo G, Lim, Malipot Ina H and Marasigan Jaser A. 2013. 60 minutes. Mandaluyong City: Anvil Publishing, Inc.

Harvard

Mendoza I. L. F., Barawid R. C., Garcia A. G., Lim, Malipot I. H. and Marasigan J. A. (2013). 60 minutes. Mandaluyong City: Anvil Publishing, Inc.

MLA

Mendoza Ivy Lisa F, Barawid Rachel Castro, Garcia Angelo G, Lim, Malipot Ina H and Marasigan Jaser A. 60 minutes. Mandaluyong City: Anvil Publishing, Inc. 2013.

  • Place hold
  • Print
  • Cite
  • Add to your cart (remove)
  • Save record
    BIBTEX Dublin Core MARCXML MARC (non-Unicode/MARC-8) MARC (Unicode/UTF-8) MARC (Unicode/UTF-8, Standard) MODS (XML) RIS
  • More searches
    Search for this title in:
    Other Libraries (WorldCat) Other Databases (Google Scholar) Online Stores (Bookfinder.com) Open Library (openlibrary.org)

Exporting to Dublin Core...

SOUTHVILLE LIBRARY

Southville International School and Colleges Library

1281 Tropical Ave. Cor. Luxembourg St., BF Homes International, Las Pinas City

Tel. No. 8256374 / 252358 Loc. 117/146

Powered by Koha